000 00628cam a2200229 a 4500
001 2373202
005 20180309040456.0
008 840806s1984 ilua b 001 0 eng
010 _a 84124971
020 _a0881330353 (pbk.)
040 _aDLC
_cDLC
_dDLC
041 _aeng
043 _an-us---
080 _a303.484 STE
082 0 0 _a303.484 STE
_219
100 1 _a50
101 _aSOC
245 1 0 _aPersuasion and social movements /
_cCharles J. Stewart, Craig Allen Smith, Robert E. Denton, Jr.
504 _aBibliography: p. 201-219.
906 _a7
_bcbc
_corignew
_d2
_encip
_f19
_gy-gencatlg
942 _2ddc
_cBK
999 _c44550
_d44550